| 000 | 00766cam a22002292 4500 | ||
|---|---|---|---|
| 001 | 0000000310 | ||
| 005 | 20151021151045.0 | ||
| 008 | 070122s xx 000 0 eng d | ||
| 020 |
_a8178085496 : _cKES 2,800 |
||
| 040 |
_aKABU _cKABU |
||
| 050 | 0 |
_aQA76.9 _b.H85H86 |
|
| 245 | 1 | 0 |
_aHuman-computer interaction in the new millennium / _cJohn M. Carroll, ed. |
| 260 |
_aDelhi : _bPearson Educ., _c2002. |
||
| 300 | _axxxvii, 703 p. | ||
| 650 | 0 |
_aHuman-computer interaction. _@0000148431 |
|
| 700 | 1 |
_aCarroll, John M. _eed. _@0000052616 |
|
| 908 | _a070122 | ||
| 950 | _@1 | ||
| 999 |
_c169 _d169 |
||